Normal view
MARC view
- Mujeres en el arte
Entry Materia
001 - NÚMERO DE CONTROL DEL REGISTRO
- campo de control: 20148
003 - IDENTIFICADOR DE NUMERO DE CONTROL
- campo de control: UPN
005 - FECHA Y HORA DE LA ÚLTIMA TRANSACCIÓN
- campo de control: 20230308181535.0
008 - DATOS DE LONGITUD FIJA
- campo de control de longitud fija: 230308nn anannbabn n ana |d
035 ## - NÚMERO DE CONTROL DEL SISTEMA
- Número de control del sistema: UPN10000020157
040 ## - FUENTE DE LA CATALOGACIÓN
- Lengua de catalogación: spa
- Agencia de transcripción: MX-MxUPN
- Centro catalogador de origen: MX-MxUPN
046 ## - FECHAS CON CODIFICACIÓN ESPECIAL
- Fecha final para contenidos agregados: 2023
150 ## - ENCABEZAMIENTO - TEMÁTICO
- Término de materia o nombre geográfico como elemento inicial: Mujeres en el arte
670 ## - FUENTE EN LA QUE SE LOCALIZARON DATOS
- Cita de la fuente: LC Subject headings, 2022
- Información localizada: página w-211 (Women in art)
680 ## - NOTA GENERAL CON DESPLIEGUE PÚBLICO
- Texto explicativo: Aquí se asientan las obras que tratan sobre la representación de la mujer en el arte. Para obras que tratan sobre los logros de las mujeres como artistas se asientan bajo
- Encabezamiento: Mujeres artistas
902 ## - CATALOGADOR
- Catalogador: BDV/080312
